2019-20 Scottish Premiership Teams - Statistics

General Stats
  • This quiz has been taken 13 times
  • The average score is 9 of 12
Answer Stats
Answer % Correct
Aberdeen
100%
Celtic
100%
Heart of Midlothian
100%
Rangers
100%
Hibernian
92%
St. Mirren
75%
Kilmarnock
67%
Motherwell
67%
St. Johnstone
67%
Hamilton Academical
58%
Ross County
50%
Livingston
42%
No matching quizzes found
Score Distribution
Percent of People with Each Score
Percentile by Number Answered
Your Score History
You have not taken this quiz